[Event "ICS rated blitz match"]
[Site "204.178.125.65"]
[Date "2001.07.06"]
[Round "?"]
[White "Klondikebar"]
[Black "Hossa"]
[Result "1/2-1/2"]
[WhiteElo "2011"]
[BlackElo "2614"]
[PlyCount "106"]
[EventDate "2001.??.??"]

1. e4 e5 2. Nf3 Nc6 3. Bb5 a6 4. Bxc6 dxc6 5. d4 exd4 6. Qxd4 Qxd4 7. Nxd4 Bd7
8. Nc3 O-O-O 9. Be3 Bb4 10. Nde2 Kb8 11. O-O-O Nf6 12. f3 Be6 13. Bg5 Rxd1+ 14.
Rxd1 Nd7 15. a3 Bxc3 16. Nxc3 f6 17. Bf4 Rd8 18. Ne2 Bc4 19. Nd4 c5 20. Nf5 g6
21. Ng3 Be6 22. Be3 b6 23. Ne2 Kc8 24. Nc3 Ne5 25. Bf4 Nc4 26. Rxd8+ Kxd8 27.
Bd2 Ke7 28. Bf4 Kd8 29. Nd1 g5 30. Bd2 Ke7 31. Ne3 h6 32. Nxc4 Bxc4 33. Be3 Bf1
34. g3 Bg2 35. f4 Bxe4 36. Kd2 g4 37. Bf2 Kd6 38. c3 Kd5 39. Ke3 Bc2 40. Kd2
Bb3 41. Kd3 Bc4+ 42. Ke3 Ba2 43. Kd3 Bb1+ 44. Kd2 Kc4 45. Be3 h5 46. Kc1 Be4
47. Bf2 Bf5 48. Kd2 Kb3 49. Kc1 Be4 50. Be3 Bf5 51. Bf2 Be4 52. Be3 Bf5 53. Bf2
Be4 {Game drawn by repetition} 1/2-1/2

[Event "ICS rated blitz match"]
[Site "204.178.125.65"]
[Date "2001.07.06"]
[Round "?"]
[White "Hossa"]
[Black "Klondikebar"]
[Result "1-0"]
[WhiteElo "2599"]
[BlackElo "2026"]
[PlyCount "65"]
[EventDate "2001.??.??"]

1. d4 d5 2. c4 c6 3. Nf3 Nf6 4. e3 Bf5 5. Bd3 Bxd3 6. Qxd3 e6 7. O-O Bd6 8. Bd2
Nbd7 9. Nc3 Bc7 10. Rab1 Nb6 11. cxd5 exd5 12. e4 dxe4 13. Nxe4 Nxe4 14. Qxe4+
Qe7 15. Qf5 O-O 16. Ng5 g6 17. Qh3 h5 18. Rbe1 Qf6 19. Ne4 Qg7 20. Ba5 Nd5 21.
Bxc7 Nxc7 22. Qd7 Rac8 23. Nc5 Rfd8 24. Qh3 Nd5 25. Nxb7 Re8 26. Nd6 Rxe1 27.
Qxc8+ Kh7 28. Rxe1 Qxd4 29. Qxc6 Qd2 30. Qe8 f6 31. h4 Nf4 32. Re7+ Kh6 33.
Qf8# {Klondikebar checkmated} 1-0

[Event "ICS rated standard match"]
[Site "204.178.125.65"]
[Date "2001.07.06"]
[Round "?"]
[White "ChesterX"]
[Black "Hossa"]
[Result "1-0"]
[WhiteElo "2563"]
[BlackElo "2357"]
[PlyCount "165"]
[EventDate "2001.??.??"]

1. d4 Nf6 2. c4 e6 3. Nf3 b6 4. g3 Bb7 5. Bg2 Bb4+ 6. Nbd2 a5 7. O-O a4 8. Nb1
O-O 9. a3 Be7 10. Nc3 Qe8 11. d5 exd5 12. cxd5 Ra5 13. e4 d6 14. Nd4 Qd7 15.
Nf5 Re8 16. Nxe7+ Qxe7 17. Bg5 Ba6 18. Re1 h6 19. Bxf6 Qxf6 20. Nxa4 Bb5 21.
Nc3 Bd7 22. Qd3 h5 23. Qf3 Qxf3 24. Bxf3 g6 25. Be2 Kg7 26. f4 c5 27. dxc6 Bxc6
28. Rad1 Rd8 29. Rd4 Kf8 30. Red1 Ke7 31. e5 d5 32. Bf3 Ke6 33. R4d3 Bb7 34.
Ne4 Nd7 35. Nd6 Bc6 36. b4 Ra4 37. Bxd5+ Bxd5 38. Rxd5 Ra7 39. Nb5 Rb7 40. Kf2
Ke7 41. Rc1 Kf8 42. Nd6 Ra7 43. a4 Nb8 44. a5 bxa5 45. Rxa5 Re7 46. b5 Nd7 47.
Rc6 Rb8 48. Ke3 h4 49. gxh4 Nb6 50. h5 Nd5+ 51. Kf3 gxh5 52. b6 Nxb6 53. Rb5
Kg8 54. Rbxb6 Ra8 55. Ke4 Rd7 56. Rb3 Re7 57. Rh3 Rd7 58. Rxh5 Rda7 59. Rc3 Ra3
60. Rg5+ Kf8 61. Rxa3 Rxa3 62. Rf5 Ra4+ 63. Kf3 Ke7 64. Rxf7+ Ke6 65. Rf6+ Kd5
66. h4 Ra3+ 67. Kg4 Ra2 68. h5 Rf2 69. h6 Rh2 70. Nf5 Rh1 71. e6 Rg1+ 72. Kf3
Rf1+ 73. Kg2 Rb1 74. e7 Rb8 75. Rf8 Rb2+ 76. Kf3 Rh2 77. e8=Q Rh3+ 78. Kg4 Kc5
79. Qe5+ Kc4 80. Qd4+ Kb3 81. Rb8+ Kc2 82. Rb2+ Kc1 83. Qd2# {Hossa checkmated}
1-0

[Event "ICS rated standard match"]
[Site "204.178.125.65"]
[Date "2001.07.06"]
[Round "?"]
[White "Hossa"]
[Black "PostModernist"]
[Result "0-1"]
[WhiteElo "2350"]
[BlackElo "2314"]
[PlyCount "96"]
[EventDate "2001.??.??"]

1. d4 Nf6 2. c4 e6 3. g3 d5 4. Nf3 dxc4 5. Bg2 a6 6. O-O b5 7. Ne5 c6 8. Nxc6
Qb6 9. Nxb8 Rxb8 10. a4 Bb7 11. Bxb7 Qxb7 12. axb5 axb5 13. f3 Be7 14. Bf4 Rd8
15. Qd2 O-O 16. e4 Bc5 17. Be5 Bxd4+ 18. Bxd4 e5 19. Qb4 exd4 20. Ra5 Rc8 21.
Rxb5 Qd7 22. Rb7 Qe6 23. Nd2 Nd7 24. Qb5 Rfd8 25. Qg5 Qe8 26. Rc1 c3 27. bxc3
dxc3 28. Nb3 Ne5 29. Kg2 h6 30. Qh5 c2 31. Qf5 Rc3 32. f4 Nc4 33. Kh3 Rdd3 34.
Na1 Ne3 35. Qe5 Qc8+ 36. f5 Qxb7 37. Qe8+ Kh7 38. Nxc2 Nxc2 39. f6 gxf6 40. Rb1
Qc7 41. e5 Rd8 42. Qa4 Qxe5 43. Rb5 Qe2 44. Rf5 Rd2 45. Rf2 Qxf2 46. Qf4 f5 47.
Qxf2 Rxf2 48. Kh4 Rxh2# {Hossa checkmated} 0-1

[Event "ICS rated blitz match"]
[Site "204.178.125.65"]
[Date "2001.07.06"]
[Round "?"]
[White "BCR"]
[Black "Hossa"]
[Result "0-1"]
[WhiteElo "2106"]
[BlackElo "2600"]
[PlyCount "106"]
[EventDate "2001.??.??"]

1. e4 e6 2. d4 d5 3. Nd2 Nc6 4. Ngf3 Nf6 5. e5 Nd7 6. Nb3 f6 7. exf6 gxf6 8. g3
a5 9. Bh3 a4 10. Nbd2 Nb6 11. O-O Qe7 12. Re1 a3 13. b3 Bg7 14. c4 f5 15. cxd5
Nxd4 16. Nxd4 Bxd4 17. Rb1 Nxd5 18. Nf3 Bc3 19. Bd2 O-O 20. Qc2 f4 21. Bxc3
fxg3 22. Bg2 gxf2+ 23. Qxf2 Nxc3 24. Qd4 Nxb1 25. Rxb1 Qf7 26. Ne5 Qf4 27. Qc3
Rf5 28. Re1 Qf2+ 29. Kh1 Rg5 30. Bf3 Rxe5 31. Rg1+ Kf8 32. Qxe5 Qxf3+ 33. Rg2
Qd1+ 34. Rg1 Qd5+ 35. Qxd5 exd5 36. Rg5 Be6 37. Rh5 Kg7 38. Kg2 d4 39. Kf2 Bxb3
40. Rb5 Bxa2 41. Rxb7 Bf7 42. Rxc7 a2 43. Rc1 a1=R 44. Rxa1 Rxa1 45. Ke2 Bc4+
46. Kf3 Bd5+ 47. Kf4 Kf6 48. h4 Rf1+ 49. Kg3 h5 50. Kh3 Kf5 51. Kg3 Ke5 52. Kh2
Kf4 53. Kh3 Rh1# {BCR checkmated} 0-1

[Event "ICS rated blitz match"]
[Site "204.178.125.65"]
[Date "2001.07.06"]
[Round "?"]
[White "Hossa"]
[Black "BCR"]
[Result "1-0"]
[WhiteElo "2602"]
[BlackElo "2104"]
[PlyCount "107"]
[EventDate "2001.??.??"]

1. d4 Nf6 2. c4 g6 3. Nc3 Bg7 4. e4 O-O 5. Nf3 d6 6. Be2 e5 7. O-O Nc6 8. d5
Ne7 9. Ne1 Nd7 10. Nc2 f5 11. exf5 gxf5 12. Bg5 h6 13. Bh4 Bf6 14. Bxf6 Nxf6
15. f4 Ng6 16. fxe5 dxe5 17. Qd2 Kg7 18. Rae1 c5 19. Bd3 e4 20. Be2 a6 21. g3
Qd6 22. Rd1 Bd7 23. Rf2 Kh7 24. Ne1 f4 25. gxf4 Rg8 26. Kh1 Nh4 27. Ng2 Ng4 28.
Bxg4 Rxg4 29. Nxe4 Qg6 30. Nxc5 Bf5 31. Nxh4 Rxh4 32. Re1 Rg8 33. Re7+ Rg7 34.
Rxg7+ Qxg7 35. d6 Bd7 36. Nxd7 Qxd7 37. Qd3+ Kh8 38. Qd4+ Kh7 39. Rg2 Rg4 40.
Rxg4 Qxg4 41. Qd3+ Kg7 42. d7 Qh4 43. Qg3+ Qxg3 44. hxg3 Kf6 45. d8=Q+ Kf5 46.
Qf8+ Ke4 47. Qe7+ Kf3 48. Qxb7+ Kxg3 49. f5 Kg4 50. f6 Kf5 51. f7 Ke5 52. Qd5+
Kf4 53. f8=Q+ Ke3 54. Qff3# {BCR checkmated} 1-0

[Event "ICS rated blitz match"]
[Site "204.178.125.65"]
[Date "2001.07.06"]
[Round "?"]
[White "Hossa"]
[Black "AlperEfe"]
[Result "1-0"]
[WhiteElo "2604"]
[BlackElo "2079"]
[PlyCount "119"]
[EventDate "2001.??.??"]

1. d4 Nf6 2. c4 g6 3. Nc3 Bg7 4. e4 d6 5. Nf3 O-O 6. Be2 e5 7. O-O Nc6 8. d5
Ne7 9. Bd2 Ne8 10. Qc2 h6 11. Qc1 Kh7 12. Bd3 f5 13. Qe1 f4 14. Qe2 g5 15. Bc2
Ng6 16. Ne1 g4 17. Ba4 Nf6 18. Rb1 Nh5 19. Qd3 Qh4 20. Qc2 f3 21. g3 Qd8 22.
Nd3 Nf6 23. c5 h5 24. Bg5 Bh6 25. Bxh6 Kxh6 26. Qd2+ Kh7 27. Qg5 h4 28. gxh4
Rg8 29. Qc1 Nxh4 30. Qd2 Nh5 31. cxd6 cxd6 32. Nb5 a6 33. Na3 b5 34. Bb3 Ng6
35. Rfc1 Ngf4 36. Kf1 Qh4 37. Rc7+ Rg7 38. Rxg7+ Kxg7 39. Nxf4 Nxf4 40. Qc2
Qh3+ 41. Ke1 Qxh2 42. Qc7+ Kg8 43. Qd8+ Kf7 44. Qc7+ Kg8 45. Qd8+ Kf7 46. Qc7+
Ke8 47. Qc6+ Kd8 48. Qxd6+ Ke8 49. Qc6+ Kf8 50. Qxa8 Qg1+ 51. Kd2 Qxf2+ 52. Kc3
Qc5+ 53. Bc4 Ne2+ 54. Kc2 bxc4 55. Rh1 Nd4+ 56. Kb1 Kg7 57. Qb8 Nb5 58. Qxe5+
Kf7 59. Rh7+ Kg6 60. Qg7# {AlperEfe checkmated} 1-0

[Event "ICS rated blitz match"]
[Site "204.178.125.65"]
[Date "2001.07.06"]
[Round "?"]
[White "PostModernist"]
[Black "Hossa"]
[Result "1-0"]
[WhiteElo "2632"]
[BlackElo "2605"]
[PlyCount "135"]
[EventDate "2001.??.??"]

1. c4 e6 2. g3 Be7 3. d4 Nf6 4. Bg2 d5 5. Nf3 dxc4 6. Qa4+ Bd7 7. Qxc4 Bc6 8.
O-O O-O 9. Nc3 Na6 10. Bg5 Nd7 11. Bxe7 Qxe7 12. e4 f5 13. exf5 Nb6 14. Qe2
Rae8 15. fxe6 Qxe6 16. Qxe6+ Rxe6 17. Ng5 Rd6 18. Bxc6 Rxc6 19. Rfe1 Nb4 20.
Ne6 Rc8 21. Nb5 Rc2 22. Nxa7 Re8 23. Nc5 Rxe1+ 24. Rxe1 Rxb2 25. Re8+ Kf7 26.
Rb8 Rxa2 27. Rxb7 N4d5 28. Nb5 Na8 29. Kg2 Kf6 30. Ne4+ Kf5 31. Nec3 Nxc3 32.
Nxc3 Rc2 33. Nb5 Ke4 34. Ra7 Rb2 35. Nxc7 Nxc7 36. Rxc7 g6 37. Rxh7 Kf5 38. h4
Rd2 39. Rf7+ Ke6 40. Rf4 Rb2 41. Re4+ Kf5 42. Re5+ Kf6 43. g4 Rb4 44. Re4 Rb5
45. f4 Rb2+ 46. Kf3 Rh2 47. Kg3 Rd2 48. f5 gxf5 49. Rf4 Rd3+ 50. Kf2 Ke6 51.
Rxf5 Rxd4 52. Kg3 Rd1 53. h5 Rd7 54. h6 Rh7 55. Rb5 Rd7 56. g5 Kf7 57. Rb6 Rd8
58. g6+ Kg8 59. Kf4 Re8 60. g7 Kf7 61. Kf5 Kg8 62. Re6 Kf7 63. Rxe8 Kxe8 64.
g8=Q+ Kd7 65. Qc4 Ke7 66. Qc7+ Kf8 67. h7 Ke8 68. h8=Q# {Hossa checkmated} 1-0

[Event "ICS rated blitz match"]
[Site "204.178.125.65"]
[Date "2001.07.06"]
[Round "?"]
[White "Hossa"]
[Black "ChesterX"]
[Result "0-1"]
[WhiteElo "2590"]
[BlackElo "2750"]
[PlyCount "141"]
[EventDate "2001.??.??"]

1. Nf3 Nf6 2. c4 g6 3. Nc3 Bg7 4. e4 d6 5. d4 O-O 6. Be2 e5 7. O-O Nc6 8. d5
Ne7 9. b4 Nh5 10. Re1 a5 11. bxa5 f5 12. a6 Rxa6 13. c5 Ra5 14. cxd6 cxd6 15.
Nd2 Nf4 16. Nc4 Ra6 17. Bxf4 exf4 18. e5 dxe5 19. d6 Nc6 20. Nb2 Ra8 21. Nb5
Nd4 22. a4 Be6 23. Bc4 Bf7 24. Nxd4 exd4 25. Re7 Qxd6 26. Rxb7 Bxc4 27. Nxc4
Qe6 28. Qd3 Rfb8 29. Rc7 Rc8 30. Rxc8+ Rxc8 31. Nd2 Rc3 32. Qb5 d3 33. Rf1 Qd6
34. Rd1 Rc5 35. Qb3+ Kh8 36. Nf3 Bf6 37. h4 Rc3 38. Qb5 Ra3 39. Rd2 h5 40. Kh2
Kg7 41. Kg1 Kh7 42. Qc4 Qd7 43. a5 Kg7 44. a6 Qf7 45. Qb5 Qa7 46. Qe8 Qxa6 47.
Qd7+ Kh6 48. Qc7 Qe6 49. Qxf4+ Kg7 50. Kh2 Rc3 51. Rb2 Qd7 52. Rb6 Rc6 53. Ne5
Qd6 54. Rb7+ Kg8 55. Nxd3 Qxd3 56. Qb8+ Qd8 57. Qxd8+ Bxd8 58. g3 Bc7 59. Kg2
Rc2 60. Kf1 Kf7 61. Ke1 f4 62. Kd1 Rc5 63. gxf4 Kf6 64. Ke2 Bxf4 65. Kd3 Kf5
66. f3 Rd5+ 67. Kc4 Rd1 68. Rf7+ Ke5 69. Rg7 Kf6 70. Rg8 Bg3 71. Rf8+ {
Hossa resigns} 0-1

[Event "ICS Rated blitz match"]
[Site "204.178.125.65"]
[Date "2001.07.06"]
[Round "?"]
[White "ChesterX"]
[Black "Hossa"]
[Result "1/2-1/2"]
[WhiteElo "2759"]
[BlackElo "2581"]
[PlyCount "180"]
[EventDate "2001.??.??"]

1. d4 Nf6 2. c4 e6 3. Nf3 d5 4. Nc3 c6 5. e3 Nbd7 6. Qc2 Bd6 7. Bd3 dxc4 8.
Bxc4 O-O 9. O-O Qc7 10. Bd2 Ng4 11. h3 Ngf6 12. Rac1 Nb6 13. Bd3 Nbd5 14. e4
Nb4 15. Qb1 Nxd3 16. Qxd3 Be7 17. Bg5 Rd8 18. Rfd1 a6 19. b3 b6 20. e5 Ne8 21.
Bxe7 Qxe7 22. Na4 b5 23. Nc5 Nc7 24. h4 h6 25. Ne4 Bb7 26. Qc2 a5 27. Nd6 Nd5
28. Nxb7 Qxb7 29. Qxc6 Qxc6 30. Rxc6 a4 31. Rc5 axb3 32. axb3 b4 33. Rc4 Ra3
34. Nd2 g5 35. hxg5 hxg5 36. Kh2 Ra2 37. Ne4 Re2 38. Nxg5 Rxf2 39. Rd3 Kf8 40.
Kg3 Rf5 41. Ne4 Kg7 42. Rf3 Rxf3+ 43. Kxf3 Ra8 44. Rc1 Ra2 45. g4 Rb2 46. Nc5
Rd2 47. Rc4 Kg6 48. g5 Rd1 49. Ke2 Rh1 50. Nd3 Rh2+ 51. Nf2 Kxg5 52. Rc2 Kf4
53. Rd2 Rg2 54. Rd3 Nc3+ 55. Kf1 Rh2 56. Kg1 Rh8 57. Kg2 Rg8+ 58. Kf1 Rg6 59.
Rh3 Nb5 60. Rh4+ Ke3 61. Re4+ Kf3 62. d5 Rg2 63. Re2 exd5 64. Rd2 Rh2 65. Rd3+
Kf4 66. Rd2 Kf5 67. Rxd5 Na3 68. Kg1 Rh8 69. Nd3 Nc2 70. Rc5 Nd4 71. Nxb4 Rh3
72. Nc6 Nxc6 73. Rxc6 Kxe5 74. Rc5+ Kf4 75. Rc4+ Kg5 76. Kg2 Rd3 77. b4 f5 78.
b5 Rd2+ 79. Kf3 Rd3+ 80. Ke2 Rb3 81. Rc5 Kf4 82. Kd2 Kg4 83. Kc2 Rb4 84. Kc3
Rb1 85. Rd5 f4 86. Kc2 Rb4 87. Kc3 Rb1 88. Kc2 Rb4 89. Kc3 Rb1 90. Kc2 Rb4 {
Game drawn by repetition} 1/2-1/2

[Event "ICS Rated blitz match"]
[Site "204.178.125.65"]
[Date "2001.07.06"]
[Round "?"]
[White "Hossa"]
[Black "ChesterX"]
[Result "0-1"]
[WhiteElo "2589"]
[BlackElo "2751"]
[PlyCount "70"]
[EventDate "2001.??.??"]

1. Nf3 d5 2. c4 dxc4 3. Qa4+ Nd7 4. Nc3 Ngf6 5. g3 e6 6. Bg2 Bd6 7. O-O e5 8.
Nb5 O-O 9. Nxd6 cxd6 10. Qxc4 Nb6 11. Qh4 Bg4 12. d3 Rc8 13. Bg5 Nbd7 14. h3
Bxf3 15. Bxf3 Qa5 16. Bxb7 Rb8 17. Bc6 Rxb2 18. Bh6 gxh6 19. Bxd7 Kg7 20. e3
Rxa2 21. Rxa2 Qxa2 22. Bf5 a5 23. g4 Rg8 24. Rc1 a4 25. Rc6 Qd5 26. Ra6 Rb8 27.
d4 Ne4 28. Qe7 Ng3 29. Kh2 Qf3 30. Be4 Nxe4 31. Qh4 Rb1 32. Qxh6+ Kxh6 33.
Rxd6+ Kg7 34. Rg6+ Kxg6 35. dxe5 Qxf2# {Hossa checkmated} 0-1

[Event "ICS Rated blitz match"]
[Site "204.178.125.65"]
[Date "2001.07.06"]
[Round "?"]
[White "PostModernist"]
[Black "Hossa"]
[Result "1-0"]
[WhiteElo "2657"]
[BlackElo "2580"]
[PlyCount "131"]
[EventDate "2001.??.??"]

1. c4 Nf6 2. Nc3 e5 3. Nf3 Nc6 4. g3 Bb4 5. Bg2 O-O 6. O-O e4 7. Ne1 Re8 8. Nc2
Bxc3 9. dxc3 d6 10. Ne3 Ne5 11. f4 exf3 12. exf3 Be6 13. b3 Qc8 14. g4 Ng6 15.
Qd4 Nh4 16. Bh1 Nd7 17. f4 Nc5 18. f5 Bd7 19. Nd5 Qd8 20. f6 c6 21. Ne7+ Rxe7
22. fxe7 Qxe7 23. Bf4 Ne6 24. Qxd6 Ng5 25. h3 Nxh3+ 26. Kh2 Qxd6 27. Bxd6 Ng5
28. Bf4 f6 29. Kg3 Ng6 30. Rad1 Nxf4 31. Rxd7 Ne2+ 32. Kf2 Nxc3 33. Rxb7 c5 34.
Rxg7+ Kxg7 35. Bxa8 Nxa2 36. Ra1 Nb4 37. Rxa7+ Kg6 38. Ke3 h5 39. gxh5+ Kxh5
40. Ra5 Ne6 41. Kd2 Kg4 42. Kc3 f5 43. Bd5 Nxd5+ 44. cxd5 Ng5 45. Ra4+ f4 46.
d6 Kf5 47. d7 Ne6 48. Ra6 Nd8 49. Ra8 Nc6 50. Rc8 Ke6 51. Rxc6+ Ke7 52. Rc8
Kxd7 53. Rxc5 Ke6 54. b4 f3 55. Kd3 f2 56. Ke2 f1=R 57. Kxf1 Kf6 58. Rc1 Kg6
59. b5 Kh6 60. b6 Kg6 61. b7 Kh6 62. Ke2 Kg7 63. Rc6 Kh7 64. b8=Q Kg7 65. Qa7+
Kh8 66. Rc8# {Hossa checkmated} 1-0

[Event "ICS Rated standard match"]
[Site "204.178.125.65"]
[Date "2001.07.06"]
[Round "?"]
[White "PostModernist"]
[Black "Hossa"]
[Result "1-0"]
[WhiteElo "2332"]
[BlackElo "2332"]
[PlyCount "77"]
[EventDate "2001.??.??"]

1. e4 e5 2. Nc3 Nf6 3. f4 d5 4. fxe5 Nxe4 5. d3 Nxc3 6. bxc3 d4 7. Bb2 dxc3 8.
Bxc3 Bb4 9. Qd2 Bxc3 10. Qxc3 Nc6 11. Nf3 Bg4 12. Be2 Qe7 13. O-O Qb4 14. Qxb4
Nxb4 15. Rab1 Nxc2 16. Rxb7 Ne3 17. Rc1 Nd5 18. d4 Bc8 19. Rb5 Be6 20. Ra5 Nf4
21. Bb5+ Kd8 22. Ng5 Rb8 23. Nxe6+ Nxe6 24. Rxa7 Nxd4 25. a4 Nxb5 26. axb5 Rc8
27. b6 Kd7 28. Raxc7+ Rxc7 29. Rxc7+ Ke6 30. b7 Rb8 31. Kf2 h5 32. Kg3 Kxe5 33.
Kh4 g6 34. Kg5 f5 35. h4 Kd6 36. Rf7 f4 37. Kxf4 Ke6 38. Rg7 Kf6 39. Rc7 {
Hossa resigns} 1-0

[Event "ICS rated bullet match"]
[Site "204.178.125.65"]
[Date "2001.07.06"]
[Round "?"]
[White "vitsi"]
[Black "Hossa"]
[Result "0-1"]
[WhiteElo "2007"]
[BlackElo "2537"]
[PlyCount "110"]
[EventDate "2001.??.??"]

1. e4 e5 2. Ne2 Nf6 3. d3 d5 4. exd5 Nxd5 5. Nbc3 Bb4 6. Bd2 Nf6 7. Ne4 Nxe4 8.
dxe4 Qxd2+ 9. Qxd2 Bxd2+ 10. Kxd2 Nc6 11. c3 Be6 12. Kc2 f5 13. Ng3 f4 14. Ne2
Rd8 15. f3 Ke7 16. Rd1 Rxd1 17. Kxd1 Bxa2 18. Kc2 Be6 19. Nc1 Rd8 20. Bb5 Na5
21. b4 Nc4 22. Bxc4 Bxc4 23. Rd1 Rxd1 24. Kxd1 b6 25. g3 fxg3 26. hxg3 a5 27.
bxa5 bxa5 28. Kc2 h5 29. Kb2 g5 30. Ka3 h4 31. gxh4 gxh4 32. Ka4 h3 33. Kxa5 h2
34. Kb4 h1=Q 35. Kxc4 Qxc1 36. Kd3 Qb2 37. c4 Qb3+ 38. Ke2 Qxc4+ 39. Kf2 Qc2+
40. Kg3 Qxe4 41. fxe4 Kd6 42. Kf3 Kc5 43. Ke3 Kc4 44. Kd2 Kd4 45. Kc2 Kxe4 46.
Kc3 Kf3 47. Kc4 e4 48. Kd5 e3 49. Kc6 e2 50. Kb7 Ke4 51. Kc6 e1=Q 52. Kb7 Kd5
53. Kc8 Kc6 54. Kd8 Qe2 55. Kc8 Qe8# {vitsi checkmated} 0-1

[Event "ICS rated bullet match"]
[Site "204.178.125.65"]
[Date "2001.07.06"]
[Round "?"]
[White "vitsi"]
[Black "Hossa"]
[Result "0-1"]
[WhiteElo "2005"]
[BlackElo "2539"]
[PlyCount "68"]
[EventDate "2001.??.??"]

1. e4 Nc6 2. Nf3 d6 3. d4 Nf6 4. Bd3 e5 5. d5 Nb8 6. h3 Be7 7. c4 O-O 8. O-O
Ne8 9. Nc3 f5 10. exf5 Bxf5 11. Bxf5 Rxf5 12. Ne4 Na6 13. Be3 c6 14. Nfd2 cxd5
15. cxd5 Nec7 16. Nc4 Qf8 17. Rc1 b6 18. Qe2 b5 19. Na5 Nxd5 20. Nc6 Nac7 21.
Nxa7 Rf7 22. Nxb5 Nxb5 23. Qxb5 Nxe3 24. fxe3 Rxa2 25. Rxf7 Qxf7 26. Rf1 Bf6
27. Nxf6+ gxf6 28. Qb8+ Kg7 29. Qxd6 Rxb2 30. Qd3 Qa7 31. Kh1 Qb7 32. e4 Qf7
33. Qg3+ Qg6 34. Qc3 Qxg2# {vitsi checkmated} 0-1

[Event "ICS rated bullet match"]
[Site "204.178.125.65"]
[Date "2001.07.06"]
[Round "?"]
[White "Hossa"]
[Black "vitsi"]
[Result "1-0"]
[WhiteElo "2540"]
[BlackElo "2004"]
[PlyCount "51"]
[EventDate "2001.??.??"]

1. Nf3 d5 2. g3 Nc6 3. Bg2 Nf6 4. d4 e6 5. O-O Be7 6. Bf4 O-O 7. c3 b6 8. Nbd2
Bb7 9. Qc2 Nh5 10. Be3 Na5 11. b4 Nc6 12. b5 Na5 13. Rfe1 Rc8 14. Ne5 c5 15.
Nb3 Nxb3 16. axb3 cxd4 17. Bxd4 Ra8 18. Ra2 f6 19. Nc6 Bxc6 20. bxc6 e5 21. Qf5
exd4 22. Qxh5 dxc3 23. Bxd5+ Kh8 24. Be4 f5 25. Bxf5 g6 26. Bxg6 {vitsi resigns
} 1-0

[Event "ICS rated bullet match"]
[Site "204.178.125.65"]
[Date "2001.07.06"]
[Round "?"]
[White "vitsi"]
[Black "Hossa"]
[Result "0-1"]
[WhiteElo "2003"]
[BlackElo "2541"]
[PlyCount "45"]
[EventDate "2001.??.??"]

1. e4 e5 2. d4 exd4 3. c3 d5 4. exd5 Qxd5 5. cxd4 Nc6 6. Nf3 Bg4 7. Be2 O-O-O
8. Be3 Qd7 9. O-O Nf6 10. Nc3 Bxf3 11. Bxf3 Nxd4 12. Bxd4 Qxd4 13. Qb3 Qb4 14.
Qxf7 Rd7 15. Nd5 Rxf7 16. Nxb4 Bxb4 17. a3 Bd2 18. Rfd1 Rd8 19. b4 c6 20. b5
cxb5 21. a4 bxa4 22. Rxa4 b5 23. Rxa7 {vitsi resigns} 0-1

[Event "ICS rated bullet match"]
[Site "204.178.125.65"]
[Date "2001.07.06"]
[Round "?"]
[White "Hossa"]
[Black "ChesterX"]
[Result "0-1"]
[WhiteElo "2542"]
[BlackElo "2573"]
[PlyCount "96"]
[EventDate "2001.??.??"]

1. Nf3 Nf6 2. c4 g6 3. Nc3 Bg7 4. e4 d6 5. d4 O-O 6. Be2 c5 7. d5 e5 8. O-O
Nbd7 9. Bd3 Nb6 10. a4 Bg4 11. a5 Nc8 12. Be3 Ne7 13. Qe2 Bd7 14. a6 b6 15. Bg5
Qc7 16. Qd2 Bg4 17. Be2 Bd7 18. Rfe1 Rfe8 19. Bd3 Bg4 20. Bxf6 Bxf6 21. Nb5 Qb8
22. Be2 Bg7 23. Ng5 Bd7 24. Bd3 Bh6 25. f4 f6 26. Ne6 Bxe6 27. dxe6 Nc6 28. Qf2
exf4 29. Qh4 Bg5 30. Qh3 Nd8 31. Red1 Rxe6 32. Bc2 h5 33. Rd5 h4 34. Rad1 Re7
35. Rxd6 Nf7 36. Rd7 Rxd7 37. Rxd7 Ne5 38. Rb7 Qd8 39. Qc3 f3 40. gxf3 Bd2 41.
Qb3 Bf4 42. Rxa7 Rxa7 43. Nxa7 Qd2 44. Kf1 Bg3 45. hxg3 hxg3 46. Qe3 Qxe3 47.
Kg2 Qf2+ 48. Kh1 Qh2# {Hossa checkmated} 0-1

[Event "ICS rated bullet match"]
[Site "204.178.125.65"]
[Date "2001.07.06"]
[Round "?"]
[White "ChesterX"]
[Black "Hossa"]
[Result "1-0"]
[WhiteElo "2588"]
[BlackElo "2527"]
[PlyCount "117"]
[EventDate "2001.??.??"]

1. d4 Nf6 2. Bg5 c5 3. d5 Ne4 4. Bf4 Qb6 5. Bc1 Qf6 6. Nf3 e6 7. c4 Be7 8. Qc2
Qg6 9. Nbd2 Nxd2 10. Qxd2 exd5 11. cxd5 O-O 12. g3 d6 13. Bg2 Bf5 14. O-O Qh5
15. Qe3 Bf6 16. Qb3 b6 17. Bf4 Rd8 18. Rfd1 Na6 19. Re1 Nb4 20. e4 Bh3 21. Bxh3
Qxh3 22. a3 Na6 23. e5 dxe5 24. Bxe5 Bxe5 25. Rxe5 h6 26. Rd1 Nc7 27. Re7 Ne8
28. d6 c4 29. Qb4 Qf5 30. Ne5 Qc2 31. Rd4 Qb1+ 32. Kg2 c3 33. Qxc3 Nxd6 34. Qc7
Qxb2 35. Rxd6 Rxd6 36. Qxd6 Rf8 37. Rxa7 Qe2 38. Qd5 Kh7 39. Nd7 Qe7 40. Nxf8+
Qxf8 41. Rxf7 Qxa3 42. Qe5 Qa8+ 43. Kf1 Qg8 44. Qf5+ Kh8 45. Rf8 Qxf8 46. Qxf8+
Kh7 47. Qf5+ Kg8 48. Ke2 Kh8 49. Ke3 Kg8 50. h4 Kh8 51. Qf8+ Kh7 52. h5 b5 53.
Qf5+ Kg8 54. Qxb5 Kf7 55. Qd7+ Kf8 56. Qe6 g6 57. hxg6 Kg7 58. Qf7+ Kh8 59.
Qf8# {Hossa checkmated} 1-0

[Event "ICS rated blitz match"]
[Site "204.178.125.65"]
[Date "2001.07.06"]
[Round "?"]
[White "Tinker"]
[Black "Hossa"]
[Result "1/2-1/2"]
[WhiteElo "2533"]
[BlackElo "2567"]
[PlyCount "103"]
[EventDate "2001.??.??"]

1. e4 e5 2. Nf3 Nf6 3. Nxe5 d6 4. Nf3 Nxe4 5. d4 d5 6. Bd3 Bf5 7. c3 Be7 8. Qe2
O-O 9. Nbd2 Re8 10. Nxe4 dxe4 11. Bxe4 Bxe4 12. Qxe4 Bd6 13. Ne5 c6 14. Qc2 f6
15. Qb3+ Kh8 16. Qxb7 Nd7 17. Qxc6 Bxe5 18. O-O Qc7 19. Qxc7 Bxc7 20. Rd1 Nb6
21. b3 Nd5 22. Bd2 Nf4 23. Bxf4 Bxf4 24. c4 Re2 25. a3 Rae8 26. c5 Bd2 27. Kf1
Kg8 28. d5 Bc3 29. Rab1 Bb2 30. d6 Rc2 31. c6 Ree2 32. Kg1 Rxf2 33. Kh1 Bxa3
34. b4 Bxb4 35. Rxb4 Rfd2 36. Rbb1 Rxg2 37. Rd3 Rxh2+ 38. Kg1 Rcg2+ 39. Kf1 Ra2
40. Rg3 Rh1+ 41. Rg1 Rhh2 42. d7 Rhf2+ 43. Ke1 Rae2+ 44. Kd1 Rd2+ 45. Kc1 Rc2+
46. Kd1 Rfd2+ 47. Ke1 Kf7 48. Rb8 Re2+ 49. Kd1 Red2+ 50. Ke1 Re2+ 51. Kd1 Red2+
52. Ke1 {Game drawn by repetition} 1/2-1/2

[Event "ICS rated bullet match"]
[Site "204.178.125.65"]
[Date "2001.07.06"]
[Round "?"]
[White "Hossa"]
[Black "kex"]
[Result "1-0"]
[WhiteElo "2514"]
[BlackElo "2311"]
[PlyCount "95"]
[EventDate "2001.??.??"]

1. Nf3 e5 2. Nxe5 Nc6 3. Nxc6 dxc6 4. d3 Nf6 5. e4 Bd6 6. Be2 Be6 7. O-O h5 8.
Nc3 Qd7 9. d4 Ng4 10. e5 Bb4 11. h3 O-O-O 12. hxg4 hxg4 13. Bg5 Be7 14. Ne4
Bxg5 15. Nxg5 Rh5 16. f4 Rdh8 17. Nxe6 fxe6 18. Bxg4 Rh1+ 19. Kf2 R1h2 20. Rg1
Kb8 21. Ke3 c5 22. dxc5 Qc6 23. b4 a6 24. Bh3 R2xh3+ 25. gxh3 Rxh3+ 26. Kf2 Qe4
27. Qg4 Qe3+ 28. Kg2 Rh6 29. Rae1 Qd2+ 30. Re2 Qd5+ 31. Kg3 Ka7 32. Qxg7 Rh5
33. Qxc7 Qd4 34. Qb6+ Kb8 35. Qd6+ Qxd6 36. exd6 Kc8 37. Rxe6 Kd7 38. Re7+ Kc6
39. Rc7+ Kb5 40. Rxb7+ Kc4 41. c6 Rh7 42. Rxh7 Kc3 43. Kf3 Kxc2 44. Rh2+ Kc3
45. Rc1+ Kxb4 46. Rb2+ Ka5 47. a4 Kxa4 48. Ra1# {kex checkmated} 1-0

[Event "ICS rated bullet match"]
[Site "204.178.125.65"]
[Date "2001.07.06"]
[Round "?"]
[White "kex"]
[Black "Hossa"]
[Result "0-1"]
[WhiteElo "2303"]
[BlackElo "2522"]
[PlyCount "102"]
[EventDate "2001.??.??"]

1. e4 e5 2. d4 exd4 3. Nf3 Nc6 4. Bc4 Nf6 5. Ng5 d5 6. exd5 Nxd5 7. Nxf7 Kxf7
8. Qf3+ Ke8 9. Bxd5 Qe7+ 10. Kd1 Ne5 11. Qe4 c6 12. Bb3 Ng4 13. Qxe7+ Bxe7 14.
Ke1 Rf8 15. h3 Nxf2 16. Rf1 Ne4 17. Rxf8+ Kxf8 18. Nd2 Nc5 19. Nc4 Nxb3 20.
axb3 Bf5 21. Bf4 g5 22. Bd6 Bxc2 23. Bxe7+ Kxe7 24. Kd2 Bxb3 25. Re1+ Kf6 26.
Ne5 Rd8 27. Ng4+ Kg6 28. Re7 Rb8 29. Rc7 Bd5 30. Kd3 Bxg2 31. Kxd4 Bxh3 32.
Ne5+ Kf6 33. Rf7+ Ke6 34. Rxh7 Rd8+ 35. Ke4 Bf5+ 36. Ke3 Bxh7 37. Ng4 Rd3+ 38.
Ke2 Rb3 39. Nh6 Rxb2+ 40. Kd1 b6 41. Kc1 Rg2 42. Kd1 Kf6 43. Ke1 Bd3 44. Ng8+
Kg7 45. Ne7 Re2+ 46. Kd1 Rxe7 47. Kc1 Re2 48. Kd1 c5 49. Kc1 c4 50. Kd1 c3 51.
Kc1 Re1# {kex checkmated} 0-1